书目信息 |
| 题名: |
电影赢家
|
|
| 作者: | 思芜 著 | |
| 分册: | ||
| 出版信息: | 北京 现代出版社 2002 |
|
| 页数: | 383页 | |
| 开本: | 20cm | |
| 丛书名: | 梦工场系列丛书 | |
| 单 册: | ||
| 中图分类: | I235.1 | |
| 科图分类: | ||
| 主题词: | 电影文学剧本--中国--现代--选集 , CT--S015399--电影文学剧本 | |
| 电子资源: | ||
| ISBN: | 7-80028-730-0 | |
| 000 | 00908nam0 2200277 45 | |
| 001 | 012002034730 | |
| 005 | 20031219104108.4 | |
| 010 | @a7-80028-730-0@dCNY20.00 | |
| 100 | @a20020423d2002 em y0chiy0110 ea | |
| 101 | 0 | @achi |
| 102 | @aCN@b110000 | |
| 105 | @aa z 000by | |
| 106 | @ar | |
| 200 | 1 | @a电影赢家@9dian ying ying jia@f思芜著 |
| 210 | @a北京@c现代出版社@d2002 | |
| 215 | @a383页@c剧照@d20cm | |
| 225 | 2 | @a梦工场系列丛书 |
| 314 | @a思芜(女,1960~),原名苏小卫,某机关工作,两次获得“金鸡奖”最佳编剧提名,著有《电影赢家》。 | |
| 330 | @a本书收入了“歌手”、“那山那人那狗”、“说出你的秘密”、“蓝色爱情”、“生活秀”五部电影剧本。 | |
| 461 | 0 | @12001 @a梦工场系列丛书 |
| 606 | 0 | @a电影文学剧本@y中国@z现代@j选集 |
| 606 | 0 | @2CT@3S015399@a电影文学剧本 |
| 690 | @aI235.1@v4 | |
| 701 | 0 | @a思芜@9si wu@4著 |
| 801 | @aCN@bTSTC@c20030401 | |
| 905 | @b321919-922@dI235.1@e117@f4 | |
| 电影赢家/思芜著.-北京:现代出版社,2002 |
| 383页:剧照;20cm.-(梦工场系列丛书) |
| ISBN 7-80028-730-0:CNY20.00 |
| 本书收入了“歌手”、“那山那人那狗”、“说出你的秘密”、“蓝色爱情”、“生活秀”五部电影剧本。 |
| ● |
| 相关链接 |
|
|
|
|
正题名:电影赢家
索取号:I235.1/117
 
预约/预借
| 序号 | 登录号 | 条形码 | 馆藏地/架位号 | 状态 | 备注 |
| 1 | 0321919 | 203219196 | 第二借阅区/ [索取号:I235.1/117] | 在馆 | |
| 2 | 0321920 | 203219203 | 第二借阅区/ [索取号:I235.1/117] | 在馆 | |
| 3 | 0321921 | 203219212 | 第二借阅区/ [索取号:I235.1/117] | 在馆 | |
| 4 | 0321922 | 203219221 | 第一样本阅览室/ [索取号:I235.1/117] | 在馆 | |
| 5 | 0324829 | 203248299 | 第二借阅区/ [索取号:I235.1/117] | 在馆 |